000
00200 a2200097 4500
020
_a
9788466312783
041
_a
spa
100
_a
Serrano, Marcela
245
_a
Cuentos de las mujeres solas
942
_c
BK
999
_c
9933
_d
9933